| 000 | 00836cam a22002535a 4500 | ||
|---|---|---|---|
| 001 | 17935212 | ||
| 005 | 20201128023645.0 | ||
| 008 | 131108t2014 cau frb 001 0 eng d | ||
| 020 | _a9781118697054 (cloth) | ||
| 040 |
_aDLC _beng _cDLC _dDLC _dEG-ScBUE |
||
| 082 | 0 | 4 |
_a658.11 _222 _bLID |
| 100 | 1 |
_aLidow, Derek, _d1953- _939440 |
|
| 245 | 1 | 0 |
_aStartup leadership : _bhow savvy entrepreneurs turn their ideas into successful enterprises / _cDerek Lidow. |
| 250 | _a1st ed. | ||
| 260 |
_aSan Francisco : _bJossey-Bass / A Wiley Brand, _cc.2014. |
||
| 300 |
_axii, 258 p. ; _c24 cm. |
||
| 500 | _aIndex : p. 251-258. | ||
| 504 | _aIncludes bibliographical references. | ||
| 650 | 7 |
_aNew business enterprises. _2BUEsh _9239 |
|
| 650 | 7 |
_aLeadership. _2BUEsh _91000 |
|
| 651 | _2BUEsh | ||
| 653 |
_bBUSADM _cFebruary2016 |
||
| 942 | _2ddc | ||
| 999 |
_c21248 _d21220 |
||